000 00556nam a2200157 4500
999 _c16878
_d16878
008 220411b ||||| |||| 00| 0 eng d
022 _a0117-3308
082 _aDPer 004.1105 C73 Sept 2010 - April 2011 v. 20 n. 3-9
100 _aWailgum, Thomas.
_945092
245 _aWhy IT cost must come out of the black box-now/
_cThomas Wailgum.
260 _aPhilippines:
_bSchneider Electric,
_c©2010-2011.
300 _av20 n4, page 24:
_bcolor illustrations;
_c27 cm.
500 _aComputer world.
650 _aInformation technology.
_945093
942 _2ddc
_cPER